| 000 | 00532nam a2200157Ia 4500 | ||
|---|---|---|---|
| 008 | 160316s2004 xxu||||| |||| 00| 0 eng d | ||
| 082 |
_a658.400000 _bHAR |
||
| 100 | _a | ||
| 245 | _aHarvard business review on leadership in a changed world | ||
| 250 | _a | ||
| 260 |
_aBoston _bHarvard Business School Pub _c2004 |
||
| 300 |
_a208p _b _c |
||
| 365 | _b Rs.717 | ||
| 650 | _a1. Social Responsibility Of Business 2. Globalization - Economic Aspects 3. Leadership 5. International Business Enterprises - Management | ||
| 700 |
_a _a |
||
| 999 |
_c23859 _d23859 |
||